000 00508nam a2200169 a 4500
005 20140311165017.0
008 140311b1996 ck ||||| |||| 00| 0 spa d
041 _aspa
044 _ack
090 _aLB
_b03324
100 _aGonzález L. de G., Francisco
_914572
245 _aReflexiones acerca de la relación entre los conceptos
_becosistema, cultura y desarrollo
260 _aBogotá
_bIDEADE
_bPontificia Universidad Javeriana
_c1996
300 _a101 p.
942 _cImpreso
_2z
945 _d2003-12-11
999 _c3541
_d3541